| 000 | 00595nam a2200229Ia 4500 | ||
|---|---|---|---|
| 008 | 171025s9999 xx 000 0 und d | ||
| 020 | _a9712716821 | ||
| 050 | _a325 | ||
| 050 | _bL864 2005 | ||
| 100 | _aLopez, Jim V. | ||
| 245 | _aU.S. immigration law : | ||
| 245 | _bhow to visit, work and live happily ever after 9/11 in America / | ||
| 245 | _cby Jim V. Lopez. | ||
| 260 | _aPhilippines : | ||
| 260 | _bAnvil, | ||
| 260 | _c2005 | ||
| 300 | _axxix, 259 pages : | ||
| 300 | _billustrations ; | ||
| 300 | _c22cm. | ||
| 650 | _aImmigration and emigration. | ||
| 700 | _aTitle. | ||
| 999 |
_c344545 _d344545 |
||